| 000 | 00373nam a2200157Ia 4500 | ||
|---|---|---|---|
| 008 | 191201s2008 xx 000 0 und d | ||
| 020 | _a9780074635582 | ||
| 082 |
_a004 _bCUI |
||
| 100 | _aCURTIN, Dennis P. | ||
| 245 | 0 | _aInformation Technology: The Breaking Wave | |
| 250 | _aRep. | ||
| 260 |
_aN.Delhi _bTMH _c2008 |
||
| 300 | _a300 | ||
| 650 | _aMCA | ||
| 942 |
_2ddc _cBK |
||
| 999 |
_c3718 _d3718 |
||